Review and classification of natural rubber latex preservatives (Record no. 43384)

MARC details
000 -LEADER
fixed length control field 00376nam a2200133Ia 4500
082 ## - DEWEY DECIMAL CLASSIFICATION NUMBER
Classification number NR:62:678.031.2
Item number NGC
100 ## - MAIN ENTRY--AUTHOR NAME
Personal name Lau Chee Mun
245 #0 - TITLE STATEMENT
Title Review and classification of natural rubber latex preservatives
260 ## - PUBLICATION, DISTRIBUTION, ETC. (IMPRINT)
Place of publication Kuala Lumpur
Name of publisher RRIM
Year of publication 1978
650 ## - SUBJECT ADDED ENTRY--TOPICAL TERM
Topical Term Latex preservatives
700 ## - ADDED ENTRY--PERSONAL NAME
Personal name Ng Chiew
942 ## - ADDED ENTRY ELEMENTS (KOHA)
Koha item type Reference
Holdings
Withdrawn status Lost status Damaged status Not for loan Home library Current library Date acquired Source of acquisition Full call number Accession Number Koha item type
        RRII Library RRII Library 16/12/2021 Gift NR:62:678.031.2 NGC G00107 Books